| 000 | 00535nam a22001937a 4500 | ||
|---|---|---|---|
| 003 | OST | ||
| 005 | 20140310181751.0 | ||
| 008 | 130627t xxu||||| |||| 00| 0 eng d | ||
| 020 | _a9718593241 | ||
| 050 |
_aQA 152.2 _b.L585 2005 |
||
| 082 |
_aFIL 512 _bL55 2005 |
||
| 100 | _aLeonor, Elmor F. | ||
| 245 |
_aIntermediate Algebra : _bBEC-Based / _cElmor F. Leonor. |
||
| 260 |
_aQuezon City : _bNew Horizon, _c2005. |
||
| 300 |
_a394 p. : _c26 cm. _bill. ; |
||
| 650 |
_aMathematics _xAlgebra |
||
| 942 |
_2lcc _cBK |
||
| 999 |
_c3230 _d3230 |
||